Physics for scientists & engineers with modern physics / (Record no. 178462)
[ view plain ]
| 000 -LEADER | |
|---|---|
| fixed length control field | 01875 a2200217 4500 |
| 003 - CONTROL NUMBER IDENTIFIER | |
| control field | NUST |
| 005 - DATE AND TIME OF LATEST TRANSACTION | |
| control field | 20230711092800.0 |
| 010 ## - LIBRARY OF CONGRESS CONTROL NUMBER | |
| LC control number | 00031382 |
| 040 ## - CATALOGING SOURCE | |
| Transcribing agency | Nust |
| 082 00 - DEWEY DECIMAL CLASSIFICATION NUMBER | |
| Classification number | 530,GIA |
| 100 1# - MAIN ENTRY--PERSONAL NAME | |
| Personal name | Giancoli, Douglas C. |
| 9 (RLIN) | 62916 |
| 245 10 - TITLE STATEMENT | |
| Title | Physics for scientists & engineers with modern physics / |
| Statement of responsibility, etc. | Douglas C. Giancoli. |
| 246 3# - VARYING FORM OF TITLE | |
| Title proper/short title | Physics for scientists and engineers with modern physics |
| 250 ## - EDITION STATEMENT | |
| Edition statement | 3rd ed. |
| 260 ## - PUBLICATION, DISTRIBUTION, ETC. | |
| Place of publication, distribution, etc. | Upper Saddle River, N.J. : |
| Name of publisher, distributor, etc. | Prentice Hall, |
| Date of publication, distribution, etc. | c2000. |
| 300 ## - PHYSICAL DESCRIPTION | |
| Extent | 1172p,. (various pagings) : |
| Other physical details | ill. (some col.) ; |
| Dimensions | 28 cm. |
| 505 ## - FORMATTED CONTENTS NOTE | |
| Formatted contents note | Introduction, Measurement, Estimating (Page-1), Describing Motion (Page-16), Kinematics in Two Dimensions (Page-45), Dynamics : Newton’s laws of Motion (Page-77), Further Applications of Newton’s Laws (Page-106), Gravitation and Newton’s Synthesis (Page-133), Work and Energy (Page-155), Conservations of Energy(Page-176), inear Momentum and Collisions (Page-206), Rotational Motion About A Fixed Axis (Page-239), General Rotation (Page-279), Static Equilibrium (Page-300), Fluids (Page-332), Oscillations (Page-362), Wave Motion (Page-388), Sound (Page-417),Temperature (Page-445), Kinetic theory of Gases (Page-466), Electric Charge and Electric Field (Page-545), Gauss’s Law (Page-575), Electric Currents (Page-634), DC Circuits (Page-658), Magnetism (Page-686), Source of Magnetics Field (Page-709),Electromagnetic Induction (Page-734), Inductance (Page-756), Light (Page-810), Lenses (Page-836), Wave Nature of Light (Page-866), Diffraction (Page-887), Special Theory of Relativity (Page-916), Early quantum Theory (Page-949), Molecules and Solids (Page-1030), Nuclear Physics (Page-1061), Nuclear Energy (Page-1085), Elementary Particles (Page-1114), Astrophysics and Cosmology (Page-1140). |
| 650 #0 - SUBJECT ADDED ENTRY--TOPICAL TERM | |
| Topical term or geographic name entry element | Physics. |
| 700 1# - ADDED ENTRY--PERSONAL NAME | |
| Personal name | Giancoli, Douglas C. |
| 9 (RLIN) | 62916 |
| 942 ## - ADDED ENTRY ELEMENTS (KOHA) | |
| Source of classification or shelving scheme | |
| Koha item type | Book |
| Call number prefix | 530,GIA |
| Withdrawn status | Lost status | Source of classification or shelving scheme | Damaged status | Not for loan | Permanent Location | Current Location | Shelving location | Date acquired | Full call number | Barcode | Date last seen | Price effective from | Koha item type | Public note |
|---|---|---|---|---|---|---|---|---|---|---|---|---|---|---|
| Military College of Signals (MCS) | Military College of Signals (MCS) | General Stacks | 12/12/2016 | 530,GIA | MCS33709 | 12/08/2016 | 12/12/2016 | Book | Almirah No.15, Shelf No.2 | |||||
| Military College of Signals (MCS) | Military College of Signals (MCS) | General Stacks | 12/12/2016 | 530,GIA | MCS33711 | 12/08/2016 | 12/12/2016 | Book | Almirah No.77, Shelf No.2 | |||||
| Military College of Signals (MCS) | Military College of Signals (MCS) | General Stacks | 12/12/2016 | 530,GIA | MCS33712 | 12/08/2016 | 12/12/2016 | Book | Almirah No.15, Shelf No.2 |
